Industrial engineering and fuel efficiency service; (Record no. 85962)

MARC details
000 -LEADER
fixed length control field 00807nam a22002291 4500
001 - CONTROL NUMBER
control field sa 68014683
003 - CONTROL NUMBER IDENTIFIER
control field DLC
005 - DATE AND TIME OF LATEST TRANSACTION
control field 20260227112634.0
008 - FIXED-LENGTH DATA ELEMENTS--GENERAL INFORMATION
fixed length control field 711115s1965 ii 100 0 eng
010 ## - LIBRARY OF CONGRESS CONTROL NUMBER
LC control number sa 68014683
025 ## - OVERSEAS ACQUISITION NUMBER
Overseas acquisition number PL480:I-E7844
040 ## - CATALOGING SOURCE
Original cataloging agency DLC
Transcribing agency DLC
Modifying agency DLC
050 00 - LIBRARY OF CONGRESS CALL NUMBER
Classification number T55.77.I4
Item number C6 1965
111 2# - MAIN ENTRY--MEETING NAME
Meeting name or jurisdiction name as entry element Conference of Industrial Engineering and Fuel Efficiency Service Specialists,
Location of meeting Madras,
Date of meeting or treaty signing 1965.
245 10 - TITLE STATEMENT
Title Industrial engineering and fuel efficiency service;
Remainder of title report of conference of specialists held at Madras, May 4-6, 1965.
260 ## - PUBLICATION, DISTRIBUTION, ETC.
Place of publication, distribution, etc. New Delhi
Date of publication, distribution, etc. [1965]
300 ## - PHYSICAL DESCRIPTION
Extent iv, 110 p.
Dimensions 28 cm.
350 ## - PRICE (NR) (BK AM CF MU VM SE) [OBSOLETE]
Price Rs5
500 ## - GENERAL NOTE
General note Organised by the National Productivity Council.
650 #0 - SUBJECT ADDED ENTRY--TOPICAL TERM
Topical term or geographic name entry element Industrial engineering
General subdivision Congresses.
710 2# - ADDED ENTRY--CORPORATE NAME
Corporate name or jurisdiction name as entry element National Productivity Council (India)

No items available.

Powered by Koha